00880cam a2200253 a 450000100100000000500170001000800410002704000360006808200250010410000400012924500550016925000110022426000330023530000210026849000410028965000280033065000310035883000470038991000280043691000070046404900090047195201290048099900170060900001737020200929165107.0780511s1962 sp 000 f spa d aDO-SdBNPbspacAzFUdDLCdBNPHU a863.64bA357co, 19621 aAldecoa, Ignacio,d1925-196992196410aCon el viento solano :bnovela /cIgnacio Aldecoa. a2a ed. aBarcelona :bPlaneta,c1962. a281 p. ;c20 cm.1 aAutores españoles contemporáneos 4aNovela española91123 4aLiteratura española9632 0aAutores españoles contemporáneos94154 aCatalogación derivada aWM aBNGR 001054708MOaGRbGRcHDd2010-03-23iLF1l0o863.64 A357co, 1962p17370-10r2020-06-25w2020-06-25y4ZPréstamo en sala c16895d16895